श्रीदत्त महाराज कविश्वर. (Record no. 273235)

MARC details
000 -LEADER
fixed length control field 00796nam a2200181Ia 4500
008 - FIXED-LENGTH DATA ELEMENTS--GENERAL INFORMATION
fixed length control field 090630s9999 xx 000 0 und d
082 ## - DEWEY DECIMAL CLASSIFICATION NUMBER
Item number 21379
100 ## - MAIN ENTRY--PERSONAL NAME
Personal name कोपर्डेकर शरदचंद्र.
245 ## - TITLE STATEMENT
Title श्रीदत्त महाराज कविश्वर.
Statement of responsibility, etc कोपर्डेकर शरदचंद्र.
260 ## - PUBLICATION, DISTRIBUTION, ETC. (IMPRINT)
Name of publisher, distributor, etc इंद्रायणी साहित्य.
Date of publication, distribution, etc 1999
300 ## - PHYSICAL DESCRIPTION
Extent 457
600 ## - SUBJECT ADDED ENTRY--PERSONAL NAME
Personal name कोपर्डेकर शरदचंद्र.
630 ## - SUBJECT ADDED ENTRY--UNIFORM TITLE
Uniform title श्रीदत्त महाराज कविश्वर.
655 ## - INDEX TERM--GENRE/FORM
Genre/form data or focus term चरित्र.
700 ## - ADDED ENTRY--PERSONAL NAME
Personal name कोपर्डेकर शरदचंद्र.
730 ## - ADDED ENTRY--UNIFORM TITLE
Uniform title श्रीदत्त महाराज कविश्वर.
942 ## - ADDED ENTRY ELEMENTS (KOHA)
Koha item type Book
Holdings
Withdrawn status Lost status Damaged status Not for loan Home library Current library Date acquired Cost, normal purchase price Total Checkouts Full call number Barcode Date last seen Cost, replacement price Price effective from Koha item type
        Sarvajanik Wachanalaya Shrivardhan Sarvajanik Wachanalaya Shrivardhan 02/08/2004 80.00   21379 SAWASHRI-21379 06/30/2009 80.00 06/30/2009 Book